000 00549nam a22001575i 4500
001 48709
003 ES-MaACL
007 t|
008 950728s1866 sp ||||1| spa d
040 _aCAM
_bspa
_cCAM
100 1 _aDíaz Ufano y Negrillo, José.
_944440
245 1 0 _aTratado teórico-práctico de materias contencioso-administrativas en la península y ultramar... /
_cpor José diaz Ufano y Negrillo.
260 _aMadrid :
_b[s.n.],
_c1866 (
_fImprenta de Manuel Minuesa)
300 _aXI, 408, [7] p. ;
_c21 cm.
852 _aES-MaACL
_jG-14191
999 _c48709
_d48709